01197nam a22002537a 4500003000800000008004100008037002000049039008200069040003500151041000800186080001100194100003300205245010300238260008400341300002200425500011600447650004200563655002300605700003100628942001300659999001700672952013000689952012400819BI-BuBU260122b2025 bd fr|||| 000 0 fre d bDon de l'auteur a20260122081841.0bAugustin Mukezamfurac20260619110023.0dJoella Nshimirimana aBI-BuBUbfrecBI-BuBUdBI-BuBU0 afre a658.151 4aut.aNduwimana, Jean Claude1 aGestion automatique des tontines au BurundicJean Claude Nduwimana ; Hilaire Nkunzimana, directeur aBujumburabUniversité du Burundi, Faculté des Sciences de l'ingenieurc2025 aXIV-69 f.c30 cm. aMémoire présenté et soutenu publiquement en vue de l'obtention du grade de master en Génie Informatique 72BI-BuBUaGestion automatiquexTontine 72BI-BuBUaMémoire1 4ddir.aNkunzimana, Hilaire 2udccMEM c53251d53251 00102udc4071985102aBKIRIRI bBKIRIRI d2026-01-22eDonl0o658.15 NDU.T.2025p5010000527273r2026-01-22w2026-01-22yMEM 00102udc4070985910aBCbBCd2026-06-19edon de l'auteurl0o658.15 NDU.p5010000673079r2026-06-19w2026-06-19yMEM